Tujuan dan objektif pendidikan Islam
| Main Author: | |
|---|---|
| Format: | Book |
| Published: |
Kuala Lumpur :
DBP ,
1992
|
| Subjects: |
MARC
| LEADER | 00000cam a2200000 7i4500 | ||
|---|---|---|---|
| 001 | 0000004046 | ||
| 002 | 000004356 | ||
| 005 | 20000330.0 | ||
| 020 | |a 9836233644 | ||
| 090 | 0 | 0 | |a 297 YE |
| 100 | 0 | |a Syed Muhammad Al-Naquib Al-Attas | |
| 245 | 0 | 0 | |a Tujuan dan objektif pendidikan Islam |c Syed Muhammad Al-Naquib Al-Attas ; diterjemah oleh Samsudin Jaafar |
| 260 | |a Kuala Lumpur : |b DBP , |c 1992 | ||
| 300 | |a 190p. ; |c 20cm. | ||
| 650 | 0 | 0 | |a Islamic education |
| 999 | |a 033385 |b BUKU |c PINJAMAN |e PERPUSTAKAAN KOMUNITI PETALING JAYA | ||